Tilastot visalle Missä pääkaupunki on maan kartalla?

Klikkaa tästä pelataksesi tätä visaa!

Yleistilastot

  • Tätä visaa on pelattu 41 kertaa
  • Keskiarvotulos 10 / 15

Vastaustilastot

KysymysVastaus% Oikein
Missä on Ruotsin pääkaupunki?
97%
Missä on Ranskan pääkaupunki?
86%
Missä on Yhdistyneen kuningaskunnan pääkaupunki?
86%
Missä on Turkin pääkaupunki?
81%
Missä on Saksan pääkaupunki?
81%
Missä on Espanjan pääkaupunki?
81%
Missä on Japanin pääkaupunki?
70%
Missä on Intian pääkaupunki?
68%
Missä on Yhdysvaltojen pääkaupunki?
65%
Missä on Brasilian pääkaupunki?
65%
Missä on Australian pääkaupunki?
59%
Missä on Kiinan pääkaupunki?
54%
Missä on Egyptin pääkaupunki?
49%
Where is the capital of Canada?
49%
Missä on Marokon pääkaupunki?
32%

Tulosjakauma

Persentiili vastausten määrän mukaan

Jokaisen tuloksen saaneiden osuus

Tuloshistoriasi

Et ole pelannut tätä visaa